000 00453nam a2200157Ia 4500
008 240729s9999 xx 000 0 und d
022 _a2548-3811
245 0 _aJurnal Ners dan Kebidanan
260 _aIndonesia
260 _bSTIKes Patria Husada Blitar in collaboration with PPNI Kabupaten blitar
650 _a Nursing
650 _aMedicine
856 _uhttps://doaj.org/toc/f1982d91d9944eafb21c13fdff137b02
942 _2ddc
942 _cDOAJEJ
999 _c71144
_d71144
945 _a1
_bMadushi Gamage
_c1
_dMadushi Gamage